000 01196nam a2200325Ia 4500
001 76897
003 IT-RoPAU
008 130308s9999 xx 000 0 und d
040 _aIT-RoPAU
040 _cIT-RoPAU
041 _aITALIANO
100 _aMeschieri Luigi
100 _gCodice Aut. SPICS: 27158
245 _aQuestionario (Il): un supporto al colloquio e all'intervista
245 _bTeoria e Prassi del Colloquio e dell'Intervista
250 _a1a ed.
260 _aROMA
260 _bLa Nuova Italia Scientifica
260 _c1989 [1° Ed.:1989 - Ed.Ling.Originale:1989]
300 _a"56 p. (prefazione: no ; testo: 56 [pagine: 117-172])"
500 _aQuestionari di Approfondimento e di Controllo Questionario Come Strumento Conoscitivo strutture Tipiche del Questionario Costruzione di Questionari Modalità di Applicazione dei Questionari Elaborazione e Interpretazione delle Risposte Formazione degli Operatori con Questionario
650 _aPEDAGOGIA DELLA COMUNICAZIONE SOCIALE
650 _eCodice materia Spics: 3804
700 _aPirani Patrizia
700 _gCodice Aut. SPICS: 27159
942 _cBK
957 _71
999 _c44072
_d44072
999 _bSI
999 _g1